| 000 | 00839nam a2200277Ia 4500 | ||
|---|---|---|---|
| 001 | Para_4041 | ||
| 003 | CHAP | ||
| 008 | 220125s1917 xx 000 0 und d | ||
| 010 | _a202511 | ||
| 040 | _cCHAP | ||
| 090 | _aPA FOLLETO 1437 | ||
| 100 |
_aLeiby, R. W. _965891 |
||
| 245 |
_aSpraying irish patotoes / _c R. W. Leiby, Franklin Sherman |
||
| 260 |
_aRaleigh North, Carolina : _b Agricultural Extension Service |
||
| 300 | _a8 p. | ||
| 440 |
_aNorth Carolina Agr. Ext. Ser. Extension circular; 48 _9167757 |
||
| 650 |
_aPapa _x Plagas Papa _x Fumigación Mezcla de Bordeaux _9167758 |
||
| 700 |
_aSherman Franklin _9105654 |
||
| 901 | _aPA FOLLETO 1437 | ||
| 902 | _aA | ||
| 905 | _a0000001917 RAL 0000000000 00 | ||
| 910 | _a1917 | ||
| 942 | _cPARA | ||
| 942 |
_cPARA _d1 |
||
| 999 |
_c202511 _d202511 |
||